|
|
|
|
| LEADER |
00000nab a2200000 a 4500 |
| 001 |
vtls001001222 |
| 003 |
SK-MaSNL |
| 005 |
20260303041148.0 |
| 008 |
040720e19960402xo 0 slo |
| 035 |
|
|
|a RV1822
|
| 040 |
|
|
|a RVGKPD
|b slo
|c RVGKPD
|e AACR2
|
| 041 |
0 |
|
|a slo
|
| 044 |
|
|
|a xo
|c SK
|
| 080 |
|
|
|a 355.244
|2 1981
|
| 100 |
1 |
|
|a Kanalová, Marta
|4 aut
|9 1025882
|
| 245 |
1 |
0 |
|a Zo zasadania Rady obrany okresu
|b Pre prípravou súčinnostného cvičenia
|
| 518 |
|
|
|a 26.03.1996
|
| 610 |
2 |
7 |
|a Rada obrany okresu
|2 RVGKPD
|9 1026014
|
| 650 |
0 |
7 |
|a zasadnutia
|2 RVGKPD
|9 372516
|
| 651 |
|
7 |
|a Rožňava (Slovensko)
|2 RVGKPD
|9 17394
|
| 773 |
0 |
8 |
|t Zora Gemera
|g Roč. 45, č.14, 2.4.1996, s. 1
|
| 852 |
|
|
|a ZVYKNI
|b KIS3GCP
|
| 999 |
|
|
|c 1685508
|d 1687438
|